Столицы Океании - Statistics

General Stats
  • This quiz has been taken 23 times
  • The average score is 9 of 14
Answer Stats
Страна Столица % Correct
Австралия Канберра
100%
Вануату Порт-Вила
100%
Кирибати Южная Тарава
100%
Самоа Апия
100%
Папуа - Новая Гвинея Порт-Морсби
100%
Фиджи Сува
100%
Новая Зеландия Веллингтон
100%
Палау Нгерулмуд
50%
Науру Ярен
50%
Маршалловы Острова Маджуро
50%
Тонга Нукуалофа
0%
Микронезия Паликир
0%
Тувалу Фунафути
0%
Соломоновы Острова Хониара
0%
No matching quizzes found
Score Distribution
Percent of People with Each Score
Percentile by Number Answered
Your Score History
You have not taken this quiz